000 01227nam a2200193 i 4500
001 80684
003 ES-MaACL
005 20250720063045.0
007 t|
008 041029s1939 cu ||||1| spa d
100 1 _aHostos, Eugenio María de,
_d1839-1903
_964302
245 1 0 _aObras completas /
_cEugenio María de Hostos.
250 _aEd. conmemorativa del Gobierno de Puerto Rico, 1839-1939.
260 _aLa Habana :
_bCultural,
_c1939.
300 _a21 v. ;
_c22 cm.
505 8 _aContiene: I-II. Diario - III. Páginas íntimas (398 p.) - IV. Cartas (287 p.) - V. Madre isla. (Campaña política por Puerto Rico, 1898-1903) (362 p.) - VI. Mi viaje al Sur (442 p.) - VII. Temas sudamericanos (456 p.) - VIII. La peregrinación de Bayoán. Novela (320 p.) - IX. Temas cubanos (498 p.)- X. La cuna de América (442 p.) - XI. Crítica (Crítica en general: música, pintura y escultura; teatro, letras) (307 p.) - XIII. Forjando el porvenir americano (2 v.) - XIV. Nombres e ideas (440 p.)- XV. Lecciones de derecho constitucional (441 p.) - XVI. Tratado de moral (464 p.) - XVII. Tratado de sociología (249 p.) - XVIII-XIX-XX. Ensayos didácticos
852 _aES-MaACL
_jC-4341-61
999 _c80684
_d80684